000 00848nam a2200265 a 4500
001 25019
003 CO-ViMGA
008 141112s2004 ck r 000 u spa d
020 _a9789588787053
040 _aCO-ViMGA
_bspa
_cCO-ViMGA
041 _aSPA
090 _aA COR4
100 1 _aCorentin, Philippe, 1936 -
_938038
245 1 0 _aPapá! /
_cPhilippe Corentin ; traducción al español : Anna Coll - Vinent
250 _a1a ed.
260 _aBogotá :
_bCorimbo; Monserrate,
_c2012
300 _a28 p. : il. col. : il.
650 1 4 _aDESDE LOS 3 AÑOS
_938039
650 1 4 _aHORA DE DORMIR - LIBROS DE IMAGENES
_938040
650 1 4 _aLIBROS DE IMAGENES
_929438
650 1 4 _aMIEDOS INFANTILES - LIBROS DE IMAGENES
_938041
650 1 4 _aMONSTRUOS - LIBROS DE IMAGENES
_938042
700 1 _aColl - Vinent, Anna
_938043
942 _2ddc
_cBK
999 _c2509
_d2509